000 01367ctm a2200229 i 4500
003 SA-RiAUC
005 20260405142618.0
008 260405q20002099xx g 000 0 ara c
040 _aSA-JeALM
_bara
_cSA-RiAUC
_erda
082 0 4 _a240
090 _aم ن 240
_bا ب ن ز
100 1 _aابن زيني دحلان، أحمد،
_d1232-1304 هجري
_eمؤلف.
245 1 0 _aشرح العارف بالله احمد بن زين دحلان على عقيدة التوحيد لبعض العلماء الناصحين /
_cأحمد بن زيني دحلان المكي الشافعي.
264 0 _a[مكان النشر غير محدد] :
_b[الناشر غير محدد]،
_c[بين 1900 و1999]
300 _a8 صفحات .
_bناقص الصفحات
_c26 سم.
337 _aبدون وسيط
_bn
_2rdamedia
_3كتاب
533 _aأوله يبتدي بـ : الحمد لله رب العالمين وصلى الله وسلم على سيدنا محمد وعلى آله وصحبه أجمعين أما بعد فإني وقفت على عقيدة مختصرة على مذهب أهل السنة ألفها بعض العلماء الناصحين فوجدتها نافعة للمبتدئين والمنتهين ...
650 7 _aعلم الكلام
_2aucsh
740 0 _aعقيدة أهل السنة.
942 _2ddc
_cRBOOK COPY
_n0
949 _aSA-JeALM
_d260405
_uosman123
_n1
999 _c14732
_d14732